Quang Đạm nhà báo, học giả

Đã lưu trong:
書目詳細資料
格式: 圖書
語言:Undetermined
出版: Hà Nội Lao Động 2002
主題:
標簽: 添加標簽
沒有標簽, 成為第一個標記此記錄!
Thư viện lưu trữ: Trung tâm Học liệu Trường Đại học Cần Thơ
LEADER 00403nam a2200145Ia 4500
001 CTU_48131
008 210402s9999 xx 000 0 und d
082 |a 070.92 
082 |b Qu106 
245 0 |a Quang Đạm nhà báo, học giả 
260 |a Hà Nội 
260 |b Lao Động 
260 |c 2002 
650 |a journalists - biography 
980 |a Trung tâm Học liệu Trường Đại học Cần Thơ